[Event "CYCC U10 w"]
[Site "Regina CAN"]
[Date "2019.07.09"]
[Round "6.6"]
[White "Xu, Sophie"]
[Black "Guo, Anni"]
[Result "0-1"]
[WhiteElo "1343"]
[BlackElo "1213"]
[PlyCount "108"]
[EventDate "2019.07.07"]
[EventType "swiss"]
[EventRounds "7"]
[EventCountry "CAN"]

1. d4 d5 2. Bf4 c5 3. e3 cxd4 4. exd4 Nf6 5. Nf3 Nc6 6. c3 Bf5 7. Bg3 e6 8. Bb5
Qb6 9. Qa4 a6 10. Bxc6+ Qxc6 11. Qxc6+ bxc6 12. Nbd2 Be7 13. O-O O-O 14. Rfe1
Ne4 15. Nxe4 Bxe4 16. Ne5 Rfc8 17. c4 f6 18. cxd5 cxd5 19. f3 Bf5 20. Nd7 Ra7
21. Nb6 Rc6 22. Na4 Rc4 23. Nc3 Rb7 24. Bf2 Rxb2 25. Nxd5 Bd6 26. Ne3 Ra4 27.
Nxf5 exf5 28. Re6 Bxh2+ 29. Kxh2 Rxf2 30. a3 Rxd4 31. Rxa6 Rdd2 32. Kg3 Rxg2+
33. Kf4 Rgf2 34. Kxf5 Rxf3+ 35. Kg4 Rc3 36. Ra4 Rg2+ 37. Kf4 g5+ 38. Kf5 Rf3+
39. Ke4 Rf4+ 40. Ke3 Rxa4 41. Kf3 Rc2 42. Ke3 Rc3+ 43. Ke2 Raxa3 44. Rxa3 Rxa3
45. Kf1 f5 46. Kf2 h5 47. Kg2 f4 48. Kf2 g4 49. Kg2 h4 50. Kh2 Ra2+ 51. Kg1 f3
52. Kf1 g3 53. Ke1 g2 54. Kd1 g1=Q# 0-1

[Event "CYCC U10 w"]
[Site "Regina CAN"]
[Date "2019.07.09"]
[Round "6.8"]
[White "Inozemtseva, Milana"]
[Black "Shaeri, Dorsa"]
[Result "0-1"]
[WhiteElo "629"]
[BlackElo "488"]
[PlyCount "73"]
[EventDate "2019.07.07"]
[EventType "swiss"]
[EventRounds "7"]
[EventCountry "CAN"]

1. e4 e5 2. Nf3 Nc6 3. Bb5 d6 4. Bxc6+ bxc6 5. Nc3 Bb7 6. d3 Nf6 7. Bg5 Be7 8.
b3 d5 9. Nxe5 dxe4 10. Nxe4 Bd6 11. Bxf6 gxf6 12. Nf3 c5 13. Qe2 Qe7 14. Nxf6+
Kf8 15. Qxe7+ Kxe7 16. Nd5+ Bxd5 17. c4 Bb7 18. Kd2 f6 19. Rhe1+ Kd7 20. g3
Bxf3 21. Re3 Bb7 22. Rae1 Rhe8 23. g4 Bf4 24. b4 Bxe3+ 25. fxe3 cxb4 26. Rb1 a5
27. h4 Rg8 28. Rg1 Bf3 29. g5 fxg5 30. hxg5 h5 31. Ke1 Rh8 32. e4 h4 33. Kf2
Raf8 34. g6 Bxe4+ 35. Ke3 Ke6 36. dxe4 Rfg8 37. Kf4 {...} 0-1

[Event "CYCC U10 w"]
[Site "Regina CAN"]
[Date "2019.07.09"]
[Round "6.9"]
[White "Sorgard, Abigail"]
[Black "Scalabrini, Julianne"]
[Result "1-0"]
[WhiteElo "744"]
[BlackElo "747"]
[PlyCount "45"]
[EventDate "2019.07.07"]
[EventType "swiss"]
[EventRounds "7"]
[EventCountry "CAN"]

1. e4 e5 2. Nf3 Nf6 3. Nxe5 Bd6 4. d4 O-O 5. Bc4 c5 6. Nf3 cxd4 7. O-O Nxe4 8.
Qxd4 Qe8 9. Re1 Be5 10. Nxe5 Nd6 11. Qxd6 Nc6 12. Bg5 Nd4 13. Qxd4 d6 14. Nf3
Be6 15. Nc3 Rc8 16. Nb5 Rxc4 17. Qxc4 d5 18. Qb4 f6 19. Nfd4 Qh5 20. Nxe6 Rf7
21. Nf4 Qxg5 22. Re8+ Rf8 23. Qxf8# 1-0

[Event "CYCC U10 w"]
[Site "Regina CAN"]
[Date "2019.07.09"]
[Round "6.11"]
[White "Woodbury, Jordis"]
[Black "Atanasio, Claire Marques"]
[Result "0-1"]
[WhiteElo "844"]
[BlackElo "578"]
[PlyCount "68"]
[EventDate "2019.07.07"]
[EventType "swiss"]
[EventRounds "7"]
[EventCountry "CAN"]

1. e3 e5 2. Bc4 d5 3. Be2 b6 4. Bb5+ c6 5. Be2 g6 6. Bf1 h5 7. Qe2 Bg4 8. f3
Bf5 9. Kd1 e4 10. fxe4 dxe4 11. d3 Bg4 12. Nf3 Qf6 13. h3 exf3 14. gxf3 Bxf3
15. Nd2 Bxe2+ 16. Bxe2 Nh6 17. Bf1 Nf5 18. Rh2 Ng3 19. c4 Nxf1 20. Nxf1 Qxf1+
21. Kd2 Bb4+ 22. Kc2 Bd6 23. Rd2 Bb4 24. Rd1 Qe2+ 25. Bd2 O-O 26. Re1 Qxd2+ 27.
Kb1 Qxe1+ 28. Kc2 Qxe3 29. Rh1 Rd8 30. h4 Qxd3+ 31. Kc1 Bd2+ 32. Kd1 Bc3+ 33.
Kc1 Qd2+ 34. Kb1 Qxb2# 0-1

[Event "CYCC U10 w"]
[Site "Regina CAN"]
[Date "2019.07.10"]
[Round "7.6"]
[White "Gao, Lucy"]
[Black "Shaeri, Dorsa"]
[Result "1-0"]
[WhiteElo "1213"]
[BlackElo "488"]
[PlyCount "63"]
[EventDate "2019.07.07"]
[EventType "swiss"]
[EventRounds "7"]
[EventCountry "CAN"]

1. e4 Nc6 2. d4 e6 3. Nf3 Nf6 4. e5 Nd5 5. c4 Nde7 6. Nc3 d6 7. exd6 Qxd6 8.
Nb5 Qd7 9. Bf4 Rb8 10. Bxc7 Ra8 11. Nd6+ Qxd6 12. Bxd6 Ng6 13. Bxf8 Nxf8 14. d5
Nd8 15. d6 Rb8 16. Qa4+ Nc6 17. Ne5 Bd7 18. Nxd7 Kxd7 19. c5 a6 20. b4 Kd8 21.
Bxa6 Ra8 22. b5 Ne5 23. Qh4+ f6 24. Bxb7 Rb8 25. c6 Ke8 26. c7 Nfd7 27. cxb8=Q+
Nxb8 28. Rc1 Nd3+ 29. Kd2 Nxc1 30. Rxc1 Kd7 31. Qc4 Kxd6 32. Qc7# 1-0

[Event "CYCC U10 w"]
[Site "Regina CAN"]
[Date "2019.07.10"]
[Round "7.7"]
[White "Guo, Anni"]
[Black "Giasson, Coralie"]
[Result "1/2-1/2"]
[WhiteElo "1213"]
[BlackElo "908"]
[PlyCount "82"]
[EventDate "2019.07.07"]
[EventType "swiss"]
[EventRounds "7"]
[EventCountry "CAN"]

1. e4 e5 2. Nf3 Nc6 3. Bb5 Bc5 4. Nc3 d6 5. Na4 a6 6. Bxc6+ bxc6 7. Nxc5 dxc5
8. d3 Bg4 9. h3 Bxf3 10. Qxf3 Qf6 11. Qxf6 Nxf6 12. Be3 c4 13. Bg5 cxd3 14.
Bxf6 gxf6 15. cxd3 Rb8 16. O-O-O Rb6 17. Rhf1 O-O 18. f4 Rfb8 19. b3 a5 20. Kd2
a4 21. fxe5 fxe5 22. bxa4 Rb2+ 23. Ke3 Rxa2 24. Rc1 Rxg2 25. Rxc6 Rg3+ 26. Rf3
Rxf3+ 27. Kxf3 Ra8 28. Rxc7 Rxa4 29. Rc4 Rxc4 30. dxc4 Kf8 31. Kg4 Ke7 32. Kf5
Kd6 33. h4 Kc5 34. Kxe5 Kxc4 35. Kf6 Kd4 36. Kxf7 Kxe4 37. h5 Kf5 38. h6 Ke5
39. Kg8 Kf6 40. Kxh7 Kf7 41. Kh8 Kf8 1/2-1/2

[Event "CYCC U10 w"]
[Site "Regina CAN"]
[Date "2019.07.10"]
[Round "7.8"]
[White "Xu, Sophie"]
[Black "Sorgard, Abigail"]
[Result "1-0"]
[WhiteElo "1343"]
[BlackElo "744"]
[PlyCount "127"]
[EventDate "2019.07.07"]
[EventType "swiss"]
[EventRounds "7"]
[EventCountry "CAN"]

1. d4 d5 2. Bf4 Nc6 3. e3 Nf6 4. Nf3 Bg4 5. c3 e6 6. Be2 Bd6 7. Bg3 O-O 8. Nbd2
Re8 9. Bb5 Bxg3 10. hxg3 Rb8 11. Qa4 a6 12. Bxc6 bxc6 13. Qxa6 Ne4 14. Nb3 Rb6
15. Qd3 Qd6 16. Ne5 Bf5 17. Qe2 f6 18. Nf3 e5 19. dxe5 fxe5 20. Nfd2 c5 21. Rd1
Rbb8 22. Qh5 Bg6 23. Nxe4 Bxh5 24. Nxd6 cxd6 25. Rxh5 c4 26. Nc1 Rxb2 27. Rd2
Rb1 28. Kd1 d4 29. exd4 exd4 30. Rxd4 Rb2 31. Rd2 Rb7 32. Rxd6 Rbe7 33. Rhd5
Re1+ 34. Kc2 Rf1 35. Rd8 Rxf2+ 36. Kd1 Rxd8 37. Rxd8+ Kf7 38. a4 Rf6 39. Rd4
Ra6 40. Rxc4 g5 41. Rb4 Kg6 42. Nd3 Ra5 43. c4 Kf6 44. c5 Ke6 45. Kc2 Kd5 46.
Kc3 h5 47. Kd2 Ra7 48. Ke3 Re7+ 49. Kf2 Rf7+ 50. Kg1 Rd7 51. c6 Kxc6 52. Ne5+
Kc5 53. Rb5+ Kd4 54. Nxd7 g4 55. Rxh5 Kc4 56. a5 Kd4 57. a6 Ke4 58. a7 Kd4 59.
a8=Q Kd3 60. Qa4 Kc3 61. Rb5 Kd3 62. Rb3+ Kc2 63. Qa2+ Kc1 64. Rb1# 1-0

[Event "CYCC U10 w"]
[Site "Regina CAN"]
[Date "2019.07.10"]
[Round "7.11"]
[White "Scalabrini, Julianne"]
[Black "Atanasio, Claire Marques"]
[Result "0-1"]
[WhiteElo "747"]
[BlackElo "578"]
[PlyCount "30"]
[EventDate "2019.07.07"]
[EventType "swiss"]
[EventRounds "7"]
[EventCountry "CAN"]

1. e4 e5 2. f4 Nc6 3. Bb5 a6 4. Bc4 b5 5. Bb3 exf4 6. Nf3 d6 7. Ng1 Qh4+ 8. g3
fxg3 9. Qf3 Bg4 10. Qxf7+ Kd8 11. d3 g2+ 12. Kd2 gxh1=Q 13. c3 Q1xh2+ 14. Ke3
Qg5+ 15. Qf4 Qgxf4# 0-1

[Event "CYCC U12"]
[Site "Regina CAN"]
[Date "2019.07.07"]
[Round "1"]
[White "Chandra, Anand"]
[Black "Zhang, Raymond Tangning"]
[Result "1-0"]
[WhiteElo "2034"]
[BlackElo "1226"]
[PlyCount "69"]
[EventDate "2019.07.07"]
[EventType "swiss"]
[EventRounds "7"]
[EventCountry "CAN"]

1. e4 e6 2. d4 d5 3. Nd2 Nf6 4. e5 Nfd7 5. Bd3 c5 6. c3 Nc6 7. Ne2 Qb6 8. Nf3
Be7 9. O-O cxd4 10. cxd4 Nb4 11. Bb1 Qd8 12. a3 Na6 13. Nd2 b6 14. f4 Nc7 15.
Ng3 Bh4 16. Nf3 Bxg3 17. hxg3 Ba6 18. Re1 f5 19. exf6 gxf6 20. f5 Kf7 21. fxe6+
Nxe6 22. Nh4 Ndf8 23. Qh5+ Ng6 24. Bxg6+ hxg6 25. Qxg6+ Ke7 26. Nf5+ Kd7 27.
Qf7+ Kc6 28. Rxe6+ Kb5 29. a4+ Kc4 30. Rc6+ Kd3 31. Ra3+ Ke2 32. Qe6+ Kd1 33.
Ne3+ Ke1 34. Nc2+ Kd1 35. Qe1# 1-0

[Event "CYCC U12"]
[Site "Regina CAN"]
[Date "2019.07.07"]
[Round "1.81"]
[White "Lin, Joey"]
[Black "Xu, Daniel"]
[Result "0-1"]
[WhiteElo "1255"]
[BlackElo "2098"]
[PlyCount "66"]
[EventDate "2019.07.07"]
[EventType "swiss"]
[EventRounds "7"]
[EventCountry "CAN"]

1. e4 c5 2. Nf3 d6 3. d4 cxd4 4. Nxd4 Nf6 5. Nc3 a6 6. Bd3 e5 7. Nf3 Be7 8. a4
O-O 9. O-O Nbd7 10. Be3 b6 11. h3 Bb7 12. Bc4 Nxe4 13. Nxe4 Bxe4 14. Qe2 Bb7
15. Rfd1 Qc7 16. Bg5 Bxf3 17. Qxf3 Bxg5 18. Bd5 Rab8 19. Be4 Be7 20. b4 Nf6 21.
Bd3 a5 22. b5 d5 23. Qe3 e4 24. Be2 Qxc2 25. Rdc1 Qb2 26. Rab1 Qe5 27. Qd2 Rbc8
28. Rd1 Bc5 29. Kh1 Bxf2 30. Bg4 Nxg4 31. hxg4 Qg3 32. Qg5 Rce8 33. Rxd5 Re6
0-1

[Event "CYCC U12"]
[Site "Regina CAN"]
[Date "2019.07.07"]
[Round "1.83"]
[White "He, Matthew"]
[Black "Srinivasan, Hemant"]
[Result "1/2-1/2"]
[WhiteElo "1161"]
[BlackElo "1911"]
[PlyCount "75"]
[EventDate "2019.07.07"]
[EventType "swiss"]
[EventRounds "7"]
[EventCountry "CAN"]

1. d4 d5 2. c4 e6 3. Nc3 Be7 4. Nf3 Nf6 5. cxd5 exd5 6. Bg5 O-O 7. e3 h6 8. Bh4
c6 9. Bxf6 Bxf6 10. Bd3 Re8 11. h3 Qb6 12. Qe2 Na6 13. a3 Nc7 14. O-O Ne6 15.
Qc2 Ng5 16. Nxg5 Bxg5 17. Na4 Qd8 18. b4 Qf6 19. Rac1 Bh4 20. b5 Qg5 21. Kh2
cxb5 22. Bxb5 Bf5 23. Qe2 Re6 24. Rg1 Qe7 25. g3 Bf6 26. Bd3 Bxd3 27. Qxd3 b6
28. Qb3 Qd7 29. Rc2 Rc6 30. Rgc1 Rxc2 31. Rxc2 Be7 32. Nc3 Rd8 33. Nb5 a6 34.
Nc7 Rc8 35. Nxd5 Rxc2 36. Nxe7+ Qxe7 37. Qxc2 Qxa3 38. Qc6 1/2-1/2

[Event "CYCC U12"]
[Site "Regina CAN"]
[Date "2019.07.07"]
[Round "1.84"]
[White "Zhu, Matthew"]
[Black "Rocan, Felix"]
[Result "1-0"]
[WhiteElo "1863"]
[BlackElo "1150"]
[PlyCount "67"]
[EventDate "2019.07.07"]
[EventType "swiss"]
[EventRounds "7"]
[EventCountry "CAN"]

1. e4 e5 2. Nf3 Nc6 3. d4 d6 4. Bb5 f6 5. d5 a6 6. Bxc6+ bxc6 7. dxc6 Ne7 8.
Nc3 Nxc6 9. O-O Be6 10. Be3 g5 11. Nd5 g4 12. Nh4 Ne7 13. Nxf6+ Kf7 14. Nxg4
Qd7 15. Qf3+ Ke8 16. Nf6+ Kd8 17. Nxd7 Bxd7 18. Qf7 Be8 19. Qb3 Bc6 20. f3 Kc8
21. Bg5 Rb8 22. Qe6+ Kd8 23. Nf5 Bd7 24. Bxe7+ Bxe7 25. Qxe7+ Kc8 26. Qg7 Kb7
27. Qxd7 Rhd8 28. Nxd6+ Kb6 29. Nc4+ Kb7 30. Qxh7 Rbc8 31. Qh6 c6 32. Rfd1 Rh8
33. Rd7+ Kb8 34. Qd6+ 1-0

[Event "CYCC U12"]
[Site "Regina CAN"]
[Date "2019.07.07"]
[Round "1.85"]
[White "Pan, Thomas"]
[Black "Ajith, Aayush"]
[Result "0-1"]
[WhiteElo "1137"]
[BlackElo "1810"]
[PlyCount "56"]
[EventDate "2019.07.07"]
[EventType "swiss"]
[EventRounds "7"]
[EventCountry "CAN"]

1. d4 Nf6 2. Nf3 g6 3. e3 d5 4. h3 Bg7 5. Bd3 Nbd7 6. Nbd2 c5 7. b3 b6 8. Bb2
Bb7 9. O-O O-O 10. c4 e6 11. Qe2 Ne4 12. Ne5 Nxe5 13. dxe5 Qc7 14. f4 Ng3 15.
Qg4 Nxf1 16. Rxf1 Rad8 17. Nf3 dxc4 18. Bxc4 Bxf3 19. Rxf3 Qd7 20. Kh2 b5 21.
Bf1 Qd2 22. Bxb5 Qxb2 23. e4 Rd4 24. Qg5 Rxe4 25. Bd3 Re1 26. Rg3 Qc1 27. Rg4
Rh1+ 28. Kg3 Qe3+ 0-1

[Event "CYCC U12"]
[Site "Regina CAN"]
[Date "2019.07.07"]
[Round "1.86"]
[White "Sharma, Vishruth"]
[Black "Levesque, Remy"]
[Result "1-0"]
[WhiteElo "1765"]
[BlackElo "1047"]
[PlyCount "45"]
[EventDate "2019.07.07"]
[EventType "swiss"]
[EventRounds "7"]
[EventCountry "CAN"]

1. e4 e5 2. Nf3 Nc6 3. Bb5 a6 4. Ba4 Nf6 5. d3 Bc5 6. O-O b5 7. Bb3 Nd4 8. Nxe5
Rf8 9. Be3 a5 10. c3 Ne6 11. Bxe6 fxe6 12. Bxc5 d6 13. Ba3 Rg8 14. Nf3 c5 15.
b3 b4 16. Bb2 bxc3 17. Nxc3 Bd7 18. e5 dxe5 19. Nxe5 Rb8 20. Ne4 a4 21. Nxf6+
gxf6 22. Qh5+ Kf8 23. Qf7# 1-0

[Event "CYCC U12"]
[Site "Regina CAN"]
[Date "2019.07.07"]
[Round "1.87"]
[White "Levac, Guillaume"]
[Black "Srinivas, Atharva"]
[Result "0-1"]
[WhiteElo "914"]
[BlackElo "1742"]
[PlyCount "92"]
[EventDate "2019.07.07"]
[EventType "swiss"]
[EventRounds "7"]
[EventCountry "CAN"]

1. e4 e5 2. Nf3 Nc6 3. Nc3 Nf6 4. d4 d6 5. dxe5 Nxe5 6. Nxe5 dxe5 7. Bg5 Qxd1+
8. Rxd1 Be7 9. Bxf6 Bxf6 10. Nd5 Bd8 11. Bb5+ c6 12. Bc4 cxd5 13. Rxd5 Bf6 14.
Bb5+ Ke7 15. O-O Be6 16. Rc5 Rac8 17. Rxc8 Rxc8 18. c3 a6 19. Be2 Bxa2 20. Ra1
Bc4 21. Bxc4 Rxc4 22. h3 Rxe4 23. f3 Re2 24. Ra5 Rxb2 25. Rc5 Rd2 26. Rc7+ Rd7
27. Rxd7+ Kxd7 28. Kf2 e4 29. fxe4 Bxc3 30. Ke3 b5 31. Kd3 b4 32. Kc4 a5 33.
Kb3 Kc6 34. g4 g5 35. Ka4 Kc5 36. Kxa5 b3+ 37. Ka6 b2 38. Kb7 b1=Q+ 39. Kc7
Qxe4 40. Kd7 Qe6+ 41. Kc7 Be5+ 42. Kb7 Qc6+ 43. Ka7 Qb6+ 44. Ka8 Kb5 45. h4 Kc5
46. hxg5 Qa6# 0-1

[Event "CYCC U12"]
[Site "Regina CAN"]
[Date "2019.07.07"]
[Round "1.88"]
[White "Qin, Kevin"]
[Black "Shan, Eric"]
[Result "1-0"]
[WhiteElo "1676"]
[BlackElo "902"]
[PlyCount "97"]
[EventDate "2019.07.07"]
[EventType "swiss"]
[EventRounds "7"]
[EventCountry "CAN"]

1. Nf3 d5 2. d4 Nf6 3. c4 e6 4. Nc3 Bb4 5. Bg5 Nbd7 6. cxd5 exd5 7. e3 O-O 8.
Bd3 c6 9. O-O Re8 10. Qc2 h6 11. Bh4 b5 12. a3 Bxc3 13. Qxc3 Bb7 14. a4 a6 15.
a5 Ne4 16. Bxe4 Qxh4 17. Nxh4 Rxe4 18. Nf5 Nf6 19. Nd6 Re7 20. Nxb7 Rxb7 21.
Qxc6 Rbb8 22. Rac1 Kh7 23. Qc7 Rf8 24. Rc6 Ne8 25. Qe7 Nf6 26. h3 Rae8 27. Qc7
Kg8 28. Rfc1 Kh7 29. Qb7 Ra8 30. Rc8 Rfxc8 31. Rxc8 Rxc8 32. Qxc8 Ne4 33. Qxa6
Kg8 34. Qc8+ Kh7 35. Qf5+ Kh8 36. Qxe4 dxe4 37. a6 b4 38. a7 b3 39. a8=Q+ Kh7
40. Qxe4+ Kh8 41. d5 f5 42. Qxf5 h5 43. d6 h4 44. d7 g6 45. d8=R+ Kg7 46. Rd7+
Kh6 47. Qf8+ Kh5 48. Rh7+ Kg5 49. Qf4# 1-0

[Event "CYCC U12"]
[Site "Regina CAN"]
[Date "2019.07.07"]
[Round "1.89"]
[White "Boucher, Samuel"]
[Black "Locham, Divjot"]
[Result "0-1"]
[WhiteElo "898"]
[BlackElo "1666"]
[PlyCount "66"]
[EventDate "2019.07.07"]
[EventType "swiss"]
[EventRounds "7"]
[EventCountry "CAN"]

1. e4 e5 2. Nf3 Nc6 3. Be2 Nf6 4. Nc3 d5 5. d3 d4 6. Bg5 dxc3 7. Bxf6 Qxf6 8.
bxc3 Ba3 9. O-O Bb2 10. Rb1 Bxc3 11. Rb3 Bd4 12. c3 Bb6 13. Nd2 Be6 14. Ra3 Bc5
15. Ra4 a6 16. Nc4 b5 17. Na5 Nxa5 18. Rxa5 Qe7 19. Bg4 O-O 20. Be2 Bb6 21.
Rxb5 axb5 22. d4 exd4 23. cxd4 c6 24. Bd3 Qh4 25. g3 Qg4 26. f3 Bxd4+ 27. Kh1
Qh5 28. g4 Qh6 29. f4 Rxa2 30. Be2 Bxg4 31. Qxd4 Rxe2 32. Rf2 Bf3+ 33. Rxf3
Qxh2# 0-1

[Event "CYCC U12"]
[Site "Regina CAN"]
[Date "2019.07.07"]
[Round "1.90"]
[White "Offengenden, Ron"]
[Black "Zeng, Gordon"]
[Result "1-0"]
[WhiteElo "1635"]
[BlackElo "780"]
[PlyCount "63"]
[EventDate "2019.07.07"]
[EventType "swiss"]
[EventRounds "7"]
[EventCountry "CAN"]

1. e4 e5 2. Nf3 Nc6 3. Bc4 Bc5 4. Nc3 Nf6 5. d3 d6 6. h3 h6 7. O-O Be6 8. Bb3
O-O 9. Ne2 Nh5 10. Be3 Bb6 11. Qd2 Qe7 12. Kh1 Ba5 13. c3 Bb6 14. Ng3 Nxg3+ 15.
fxg3 Qf6 16. d4 Rad8 17. d5 Bxe3 18. Qxe3 Bd7 19. dxc6 bxc6 20. Nh4 Qe7 21. Ng6
Qe8 22. Nxf8 Kxf8 23. Rxf7+ Qxf7 24. Bxf7 Kxf7 25. Qxa7 Ke7 26. Rf1 Rf8 27.
Rxf8 Kxf8 28. Qxc7 Ke7 29. a4 d5 30. a5 d4 31. Qxe5+ Be6 32. cxd4 1-0

[Event "CYCC U12"]
[Site "Regina CAN"]
[Date "2019.07.07"]
[Round "1.91"]
[White "Han, Yi"]
[Black "Chen, Ricky"]
[Result "0-1"]
[WhiteElo "738"]
[BlackElo "1544"]
[PlyCount "88"]
[EventDate "2019.07.07"]
[EventType "swiss"]
[EventRounds "7"]
[EventCountry "CAN"]

1. e4 c5 2. Nf3 d6 3. d4 cxd4 4. Nxd4 Nf6 5. Nc3 a6 6. Be2 e5 7. Nf3 Be7 8. Bc4
O-O 9. O-O b5 10. Bd5 Nxd5 11. Nxd5 Bb7 12. Be3 Nc6 13. Bb6 Qd7 14. Qe2 Bd8 15.
Rad1 Ne7 16. Nxe7+ Qxe7 17. Bxd8 Raxd8 18. Rfe1 f5 19. c4 fxe4 20. Nd2 bxc4 21.
Qxc4+ d5 22. Qb3 Qf7 23. Rc1 Qxf2+ 24. Kh1 Qxd2 25. Qxb7 Rb8 26. Qxa6 Rxb2 27.
Rg1 Rxa2 28. Qe6+ Kh8 29. Rc7 Qg5 30. Rc8 Ra8 31. Rgc1 Qf4 32. Qc6 Qxc1+ 33.
Qxc1 Raxc8 34. Qd1 Rcd8 35. h4 d4 36. g4 d3 37. Kg1 e3 38. Kg2 e2 39. Qd2 Rf1
40. Kg3 e1=Q+ 41. Kg2 Qxd2+ 42. Kxf1 Qe2+ 43. Kg1 d2 44. Kh1 d1=Q# 0-1

[Event "CYCC U12"]
[Site "Regina CAN"]
[Date "2019.07.07"]
[Round "1.92"]
[White "Hu, Raymond"]
[Black "Yim, Warren"]
[Result "1-0"]
[WhiteElo "1504"]
[BlackElo "697"]
[PlyCount "87"]
[EventDate "2019.07.07"]
[EventType "swiss"]
[EventRounds "7"]
[EventCountry "CAN"]

1. e4 e5 2. Nf3 Nc6 3. Nc3 Bc5 4. Nxe5 d6 5. Nxc6 bxc6 6. d4 Bb6 7. Be3 Be6 8.
Bd3 d5 9. e5 Ne7 10. O-O O-O 11. f4 Bf5 12. h3 Bxd3 13. Qxd3 Ba5 14. g4 Bxc3
15. Qxc3 Ng6 16. Qxc6 Qe8 17. Qxd5 Rd8 18. Qb3 Qe6 19. Qxe6 fxe6 20. b3 Ne7 21.
c4 c6 22. Rab1 Rc8 23. Rfd1 Rfd8 24. b4 a6 25. a4 Rb8 26. Kf2 Kf7 27. Kf3 a5
28. b5 cxb5 29. Rxb5 Rxb5 30. axb5 a4 31. Ra1 Ra8 32. Bc1 Rd8 33. Ke4 Rc8 34.
Rxa4 Rc7 35. b6 Rc6 36. Rb4 Nc8 37. b7 Rb6 38. Rxb6 Nxb6 39. b8=Q Nd7 40. Qc7
Ke7 41. Ba3+ Ke8 42. Qc8+ Kf7 43. Qxd7+ Kg6 44. Qxe6# 1-0

[Event "CYCC U12"]
[Site "Regina CAN"]
[Date "2019.07.07"]
[Round "1.93"]
[White "Zhang, Justin"]
[Black "Wang, Daniel"]
[Result "0-1"]
[WhiteElo "536"]
[BlackElo "1406"]
[PlyCount "74"]
[EventDate "2019.07.07"]
[EventType "swiss"]
[EventRounds "7"]
[EventCountry "CAN"]

1. e4 c5 2. Nf3 Nc6 3. Nc3 d6 4. Bb5 Bd7 5. O-O Nf6 6. d4 cxd4 7. Nxd4 g6 8.
Bg5 Bg7 9. Bxf6 Bxf6 10. Bxc6 bxc6 11. Nf3 O-O 12. Re1 Bg7 13. e5 Bg4 14. exd6
exd6 15. Ne4 d5 16. Neg5 Bf6 17. Nh3 Bxh3 18. gxh3 Qd7 19. Nd4 Bxd4 20. Qxd4
Qxh3 21. Re3 Qd7 22. Rd1 Rfe8 23. Rdd3 a6 24. Kf1 Rab8 25. Rh3 Qe6 26. Rde3 Qf5
27. Qh4 h5 28. Ref3 Qxc2 29. Qf6 Qc4+ 30. Kg2 Qg4+ 31. Kf1 Qe6 32. Qf4 Rxb2 33.
Qh6 Qg4 34. Rfg3 Qd1+ 35. Kg2 Rxf2+ 36. Kxf2 Re2+ 37. Kf3 Qf1# 0-1

[Event "CYCC U12"]
[Site "Regina CAN"]
[Date "2019.07.07"]
[Round "2.81"]
[White "Xu, Daniel"]
[Black "Qin, Kevin"]
[Result "1/2-1/2"]
[WhiteElo "2098"]
[BlackElo "1676"]
[PlyCount "88"]
[EventDate "2019.07.07"]
[EventType "swiss"]
[EventRounds "7"]
[EventCountry "CAN"]

1. d4 d5 2. c4 c6 3. Nf3 Nf6 4. Qc2 g6 5. Bf4 Bg7 6. e3 Nbd7 7. h3 dxc4 8. Bxc4
Nb6 9. Bb3 Bf5 10. Qe2 O-O 11. O-O Rc8 12. Rd1 e6 13. Nbd2 Be4 14. Bh2 Bxf3 15.
Nxf3 Qe7 16. e4 Rfd8 17. Rac1 Nfd7 18. Qe3 e5 19. dxe5 Nxe5 20. Nxe5 Bxe5 21.
Bxe5 Qxe5 22. Qf3 Qe7 23. Qf4 Kg7 24. e5 c5 25. Re1 Rd4 26. Qe3 Rcd8 27. e6 c4
28. Bd1 fxe6 29. Bg4 e5 30. Qxe5+ Qxe5 31. Rxe5 Rd2 32. Re7+ Kh8 33. Rxb7 Rxb2
34. Rxa7 Rbd2 35. a4 R2d4 36. Ra6 Nd5 37. Rc6 c3 38. a5 Nb4 39. R1xc3 Nxc6 40.
Rxc6 R4d6 41. Rc8 Rxc8 42. Bxc8 Rd1+ 43. Kh2 Kg7 44. a6 Ra1 1/2-1/2

[Event "CYCC U12"]
[Site "Regina CAN"]
[Date "2019.07.07"]
[Round "2.82"]
[White "Locham, Divjot"]
[Black "Chandra, Anand"]
[Result "0-1"]
[WhiteElo "1666"]
[BlackElo "2034"]
[PlyCount "98"]
[EventDate "2019.07.07"]
[EventType "swiss"]
[EventRounds "7"]
[EventCountry "CAN"]

1. e4 e5 2. Nf3 Nc6 3. d4 exd4 4. Nxd4 Bb4+ 5. Bd2 Qe7 6. f3 Nxd4 7. c3 Nxf3+
8. Qxf3 Bd6 9. c4 Nf6 10. Nc3 c6 11. Bd3 Be5 12. O-O O-O 13. Rac1 d6 14. h3 Be6
15. b3 Nd7 16. Be2 f5 17. Bd3 Bd4+ 18. Kh1 Ne5 19. Qe2 Qd7 20. Bb1 Bb6 21. Bf4
Ng6 22. Bxd6 Qxd6 23. exf5 Bxf5 24. Bxf5 Rae8 25. Rcd1 Qf6 26. Qc2 Bc7 27. g4
Qh4 28. Qg2 Re3 29. Rf3 Nf4 30. Qf1 Rfe8 31. Rd3 Re1 32. Be6+ R8xe6 33. Rxf4
Bxf4 34. Qxe1 Qxe1+ 35. Kg2 Re2+ 36. Nxe2 Qxe2+ 37. Kg1 Qxd3 38. h4 Qg3+ 39.
Kf1 Be3 40. Ke2 Qf2+ 41. Kd3 Qd2+ 42. Ke4 Qd4+ 43. Kf3 Qf4+ 44. Ke2 Bd4 45. Kd1
Qe3 46. Kc2 Bc3 47. b4 Qd2+ 48. Kb3 Qb2+ 49. Ka4 Qxb4# 0-1

[Event "CYCC U12"]
[Site "Regina CAN"]
[Date "2019.07.07"]
[Round "2.83"]
[White "Chen, Ricky"]
[Black "Zhu, Matthew"]
[Result "1/2-1/2"]
[WhiteElo "1544"]
[BlackElo "1863"]
[PlyCount "95"]
[EventDate "2019.07.07"]
[EventType "swiss"]
[EventRounds "7"]
[EventCountry "CAN"]

1. e4 c5 2. Nf3 d6 3. d4 cxd4 4. Nxd4 Nf6 5. Nc3 a6 6. f3 e5 7. Nb3 Be6 8. Be3
Be7 9. Qd2 O-O 10. O-O-O Nbd7 11. g4 b5 12. h4 b4 13. Ne2 a5 14. Kb1 Nb6 15.
Ng3 a4 16. Nc1 Rb8 17. Nf5 Bxf5 18. gxf5 Qc7 19. Qg2 Rfd8 20. Bh6 Ne8 21. Rg1
Bf6 22. Bg5 Bxg5 23. hxg5 a3 24. b3 d5 25. exd5 Nxd5 26. Rxd5 Rxd5 27. Bc4 Rd4
28. g6 Rxc4 29. gxh7+ Kh8 30. f6 g6 31. bxc4 Qxc4 32. Qd2 Qc3 33. Qxc3 bxc3+
34. Nb3 Nxf6 35. Re1 Nd7 36. Re3 Rc8 37. Rd3 Rc7 38. Kc1 Kxh7 39. Kd1 Nb6 40.
Ke1 Kh6 41. Nc1 Kg5 42. Ne2 Na4 43. Kf2 Nb2 44. Rd5 Kf6 45. Ra5 Rc6 46. Rxa3
Ke6 47. Rb3 f5 48. Nxc3 1/2-1/2

[Event "CYCC U12"]
[Site "Regina CAN"]
[Date "2019.07.07"]
[Round "2.84"]
[White "Ajith, Aayush"]
[Black "Offengenden, Ron"]
[Result "1-0"]
[WhiteElo "1810"]
[BlackElo "1635"]
[PlyCount "118"]
[EventDate "2019.07.07"]
[EventType "swiss"]
[EventRounds "7"]
[EventCountry "CAN"]

1. d4 d5 2. c4 e6 3. Nc3 Nf6 4. cxd5 Nxd5 5. e4 Nf6 6. Be3 b6 7. f3 Bb7 8. Qc2
Be7 9. Bd3 h6 10. Nge2 Nbd7 11. O-O c6 12. Qd2 e5 13. f4 exd4 14. Nxd4 Nc5 15.
Bc2 Qd7 16. Rad1 Qc7 17. e5 Ng4 18. e6 fxe6 19. b4 O-O-O 20. Qe2 Nxe3 21. Qxe3
Rhe8 22. bxc5 Bxc5 23. Ne4 Bxd4 24. Rxd4 c5 25. Rxd8+ Qxd8 26. Rd1 Bd5 27. Bb3
Qe7 28. h3 Rd8 29. Re1 Qd7 30. Nc3 Bxb3 31. axb3 Qd4 32. Qxd4 cxd4 33. Ne4 Kd7
34. Kf2 Kc6 35. Ke2 Kd5 36. Kd3 Rc8 37. Ra1 a5 38. Rf1 Rf8 39. Nd2 Rc8 40. Ne4
Rf8 41. Ng3 g6 42. Rf3 h5 43. Ne2 e5 44. fxe5 Rxf3+ 45. gxf3 Kxe5 46. f4+ Kf6
47. Nxd4 g5 48. fxg5+ Kxg5 49. Ne6+ Kh4 50. Kc4 Kxh3 51. Nf4+ Kg4 52. Nxh5 Kxh5
53. Kb5 Kg6 54. Kxb6 Kf6 55. Kxa5 Ke6 56. Kb6 Kd7 57. Kb7 Kd6 58. b4 Kd5 59. b5
Kd6 1-0

[Event "CYCC U12"]
[Site "Regina CAN"]
[Date "2019.07.07"]
[Round "2.85"]
[White "Wang, Daniel"]
[Black "Sharma, Vishruth"]
[Result "0-1"]
[WhiteElo "1406"]
[BlackElo "1765"]
[PlyCount "102"]
[EventDate "2019.07.07"]
[EventType "swiss"]
[EventRounds "7"]
[EventCountry "CAN"]

1. e4 e5 2. Nf3 Nc6 3. Bc4 Nf6 4. d3 Be7 5. c3 O-O 6. O-O d6 7. Nbd2 Na5 8. Bb5
a6 9. Ba4 b5 10. Bc2 c5 11. Re1 Nc6 12. Nf1 Be6 13. Ng3 g6 14. Qd2 c4 15. d4
Bc8 16. dxe5 dxe5 17. Qxd8 Rxd8 18. Bg5 Kg7 19. Rad1 Be6 20. Rxd8 Rxd8 21. Rd1
a5 22. Rxd8 Bxd8 23. b3 Bb6 24. Kf1 b4 25. Bd2 bxc3 26. Bxc3 Bd4 27. Ne2 Bxc3
28. Nxc3 Nd4 29. Nxd4 exd4 30. Nd5 Nxd5 31. exd5 Bxd5 32. g3 d3 33. Bd1 c3 34.
Ke1 c2 35. Bxc2 dxc2 36. Kd2 Be4 37. a3 Kf6 38. b4 axb4 39. axb4 Kg5 40. h3 h5
41. b5 h4 42. b6 hxg3 43. fxg3 f5 44. b7 Bxb7 45. Kxc2 f4 46. gxf4+ Kxf4 47. h4
Kg4 48. h5 gxh5 49. Kd2 h4 50. Ke2 h3 51. Kf2 h2 0-1